Fr. Conceicao Rodrigues College of Engineering

Modern Economic Theory (Record no. 31191)

MARC details
000 -LEADER
fixed length control field 00343nam a2200169Ia 4500
082 ## - DEWEY DECIMAL CLASSIFICATION NUMBER
Classification number 338.9
Item number DEW
100 ## - MAIN ENTRY--PERSONAL NAME
Personal name Dewet/K.K
250 ## - EDITION STATEMENT
Edition statement 3
245 ## - TITLE STATEMENT
Title Modern Economic Theory
260 ## - PUBLICATION, DISTRIBUTION, ETC.
Name of publisher, distributor, etc. S. Chand & co.
Date of publication, distribution, etc. 1992
300 ## - PHYSICAL DESCRIPTION
Extent 741
546 ## - LANGUAGE NOTE
Language note ENGLISH
650 ## - SUBJECT ADDED ENTRY--TOPICAL TERM
Topical term or geographic name entry element General
654 ## - SUBJECT ADDED ENTRY--FACETED TOPICAL TERMS
Focus term Modern economic
942 ## - ADDED ENTRY ELEMENTS (KOHA)
Koha item type BOOK
Holdings
Withdrawn status Lost status Damaged status Not for loan Collection Home library Current library Date acquired Total Checkouts Full call number Barcode Date last seen Price effective from Koha item type
        CRC Fr. Agnel's C.Rodrigues College of Engineering Fr. Agnel's C.Rodrigues College of Engineering 17/03/2023   338.9 DEW 12225 17/03/2023 17/03/2023 BOOK